[Event "St Leon Rot op"]
[Site "St Leon Rot"]
[Date "2011.12.30"]
[Round "7"]
[White "Weis, Hans Dieter"]
[Black "Thier, Juergen"]
[Result "1/2-1/2"]
[WhiteElo "1866"]
[BlackElo "2105"]
[PlyCount "78"]
[EventDate "2011.12.27"]
[EventType "swiss"]
[EventRounds "7"]
[EventCountry "GER"]
[SourceTitle "CBM 146 Extra"]
[Source "ChessBase"]
[SourceDate "2012.02.29"]
[SourceVersion "1"]
[SourceVersionDate "2012.02.29"]
[SourceQuality "1"]

1. e4 c5 2. d4 cxd4 3. c3 dxc3 4. Nxc3 Nc6 5. Nf3 e6 6. Bc4 a6 7. 0-0 b5 8. Bb3 Bb7 9. Qe2 Na5 10. Bc2 d6 11. Rd1 Qb8 12. Bf4 e5 13. Bg5 h6 14. Be3 Nc4 15. Bb3 Nxe3 16. Qxe3 Nf6 17. Bd5 Be7 18. a4 b4 19. Bxb7 Qxb7 20. Nd5 Nxd5 21. Rxd5 0-0 22. Nd2 Rac8 23. Qd3 Rc5 24. Nc4 Rxd5 25. exd5 f5 26. Na5 Qb6 27. Nc6 Bg5 28. Rd1 e4 29. Qd4 Qxd4 30. Rxd4 a5 31. Nxa5 Ra8 32. Nc6 Rxa4 33. g3 Bf6 34. Rc4 Bxb2 35. Ne7+ Kh7 36. Nxf5 Be5 37. Kg2 Ra5 38. Rxb4 Rxd5 39. Rxe4 Rd2 1/2-1/2

[Event "St Leon Rot op"]
[Site "St Leon Rot"]
[Date "2011.12.29"]
[Round "6"]
[White "Thier, Juergen"]
[Black "Villing, Dieter"]
[Result "0-1"]
[WhiteElo "2105"]
[BlackElo "2187"]
[PlyCount "76"]
[EventDate "2011.12.27"]
[EventType "swiss"]
[EventRounds "7"]
[EventCountry "GER"]
[SourceTitle "CBM 146 Extra"]
[Source "ChessBase"]
[SourceDate "2012.02.29"]
[SourceVersion "1"]
[SourceVersionDate "2012.02.29"]
[SourceQuality "1"]

1. e4 d6 2. d4 Nf6 3. f3 c6 4. c4 e6 5. Nc3 Be7 6. Be3 0-0 7. Qd2 a6 8. g4 b5 9. g5 Nfd7 10. h4 b4 11. Nce2 d5 12. Ng3 a5 13. h5 Qe8 14. f4 Na6 15. Nf3 Bb7 16. c5 dxe4 17. Nxe4 Rd8 18. g6 Ndxc5 19. gxh7+ Kh8 20. Nxc5 Nxc5 21. Qc2 Nd7 22. Rg1 c5 23. Ng5 cxd4 24. Bxd4 Bf6 25. 0-0-0 Rc8 26. Bc4 Bd5 27. b3 Qe7 28. Kb1 Bxc4 29. bxc4 Bxd4 30. Rxd4 Nc5 31. Nf3 Rfd8 32. Qg2 Qf6 33. Rxd8+ Rxd8 34. Ne5 Na4 35. Qg5 Nc3+ 36. Kc2 Rd2+ 37. Kb3 Ne4 38. Qxf6 Nc5# 0-1

[Event "St Leon Rot op"]
[Site "St Leon Rot"]
[Date "2011.12.27"]
[Round "2"]
[White "Thier, Juergen"]
[Black "Sendhoff, Wolfgang"]
[Result "1-0"]
[WhiteElo "2105"]
[BlackElo "1469"]
[PlyCount "85"]
[EventDate "2011.12.27"]
[EventType "swiss"]
[EventRounds "7"]
[EventCountry "GER"]
[SourceTitle "CBM 146 Extra"]
[Source "ChessBase"]
[SourceDate "2012.02.29"]
[SourceVersion "1"]
[SourceVersionDate "2012.02.29"]
[SourceQuality "1"]

1. Nf3 Nf6 2. c4 c5 3. Nc3 e6 4. d4 cxd4 5. Nxd4 d5 6. Bf4 a6 7. g3 Nc6 8. Nxc6 bxc6 9. Bg2 Bd6 10. Bg5 h6 11. Bxf6 Qxf6 12. 0-0 Bd7 13. Ne4 Qe7 14. Nxd6+ Qxd6 15. e4 d4 16. f4 e5 17. Qh5 0-0 18. fxe5 Qc5 19. b3 Be6 20. Bh3 Bxh3 21. Qxh3 Qxe5 22. Rae1 d3 23. Qg2 Rad8 24. Qd2 Rd7 25. Rf5 Qd4+ 26. Kf1 Re8 27. e5 Qg4 28. Rf4 Qg5 29. Rf2 Rxe5 30. Qxg5 Rxe1+ 31. Kxe1 hxg5 32. Kd2 g6 33. Rf6 Rc7 34. Kxd3 Kg7 35. Rf2 f5 36. Kd4 Kf6 37. Kc5 Ke5 38. Re2+ Kf6 39. Kd6 Ra7 40. Kxc6 Re7 41. Rxe7 Kxe7 42. Kd5 g4 43. Ke5 1-0

[Event "Hessen-ch Gr-A+B 65th"]
[Site "Gladenbach"]
[Date "2011.04.22"]
[Round "5"]
[White "Thier, Juergen"]
[Black "Haase, Reinhard"]
[Result "1-0"]
[WhiteElo "2094"]
[BlackElo "2144"]
[PlyCount "121"]
[EventDate "2011.04.20"]
[EventType "swiss"]
[EventRounds "7"]
[EventCountry "GER"]
[SourceTitle "CBM 142 Extra"]
[Source "ChessBase"]
[SourceDate "2011.06.27"]
[SourceVersion "1"]
[SourceVersionDate "2011.06.27"]
[SourceQuality "1"]

1. Nf3 d5 2. c4 c6 3. cxd5 cxd5 4. d4 Nc6 5. Nc3 Nf6 6. Bf4 Bf5 7. e3 e6 8. Qb3 Qb6 9. Bb5 Nd7 10. 0-0 Be7 11. Na4 Qd8 12. Bxc6 bxc6 13. Rfc1 Rc8 14. Qb7 0-0 15. Rxc6 Rxc6 16. Qxc6 Bg4 17. Rc1 Bxf3 18. gxf3 Qe8 19. Qa6 Bf6 20. Bd6 Be7 21. Bxe7 Qxe7 22. Qxa7 Qg5+ 23. Kf1 Nf6 24. Qc7 Qf5 25. Ke2 h5 26. Nc5 Re8 27. Nd3 Nh7 28. Qf4 Qh3 29. Rc7 Rf8 30. e4 dxe4 31. fxe4 Nf6 32. Qg3 Qxg3 33. hxg3 Nxe4 34. Ke3 Nf6 35. Ra7 Rb8 36. b3 Nd5+ 37. Kf3 g5 38. Nc5 Re8 39. Rd7 Nf6 40. Rb7 Kg7 41. a4 h4 42. gxh4 gxh4 43. a5 Kg6 44. Nd3 Rh8 45. Nf4+ Kf5 46. Rb5+ Nd5 47. Nxd5 exd5 48. Rxd5+ Ke6 49. Re5+ Kd6 50. Kg2 Rb8 51. a6 Rxb3 52. Ra5 Rb8 53. a7 Ra8 54. Kh3 Kc6 55. Kxh4 Kb7 56. Kg5 Rg8+ 57. Kf6 Ka8 58. d5 Rg4 59. Ke5 f6+ 60. Kf5 Rg7 61. f4 1-0

[Event "Berlin Lichtenberger op 9th"]
[Site "Berlin"]
[Date "2010.08.13"]
[Round "7"]
[White "Thier, Juergen"]
[Black "Meissner, Hans Juergen"]
[Result "1-0"]
[WhiteElo "2073"]
[BlackElo "2255"]
[PlyCount "53"]
[EventDate "2010.08.07"]
[EventType "swiss"]
[EventRounds "9"]
[EventCountry "GER"]
[SourceTitle "CBM 137 Extra"]
[Source "ChessBase"]
[SourceDate "2010.09.01"]
[SourceVersion "1"]
[SourceVersionDate "2010.09.01"]
[SourceQuality "1"]

1. Nf3 Nf6 2. c4 g6 3. Nc3 Bg7 4. e4 d6 5. d4 0-0 6. h3 e5 7. d5 a5 8. Bg5 Na6 9. Be2 Qe8 10. g4 Nd7 11. Nh4 Bf6 12. Qd2 Qe7 13. Bxf6 Qxf6 14. g5 Qe7 15. Bg4 Nb6 16. Bxc8 Rfxc8 17. b3 a4 18. Nf3 axb3 19. axb3 Nc5 20. Rb1 Ra3 21. Qc2 Rca8 22. h4 c6 23. Nd2 Qd8 24. Ke2 Nbd7 25. b4 Na4 26. Rb3 Ra2 27. Nxa2 1-0

[Event "Berlin Lichtenberger op 9th"]
[Site "Berlin"]
[Date "2010.08.10"]
[Round "4"]
[White "Thier, Juergen"]
[Black "Kalinitschew, Sergey"]
[Result "1-0"]
[WhiteElo "2073"]
[BlackElo "2462"]
[PlyCount "107"]
[EventDate "2010.08.07"]
[EventType "swiss"]
[EventRounds "9"]
[EventCountry "GER"]
[SourceTitle "CBM 137 Extra"]
[Source "ChessBase"]
[SourceDate "2010.09.01"]
[SourceVersion "1"]
[SourceVersionDate "2010.09.01"]
[SourceQuality "1"]

1. Nf3 d6 2. d4 g6 3. c4 f5 4. Nc3 Nf6 5. b4 Bg7 6. Bb2 0-0 7. g3 c5 8. dxc5 Ne4 9. Qb3 dxc5 10. Rd1 Nd7 11. Nxe4 fxe4 12. Bxg7 Kxg7 13. Ng5 Qb6 14. Bh3 Nf6 15. Bxc8 Raxc8 16. bxc5 Qa5+ 17. Kf1 Kg8 18. Ne6 Ng4 19. f3 exf3 20. exf3 Rf6 21. Qxb7 Ne3+ 22. Ke2 Qxa2+ 23. Rd2 Qxc4+ 24. Kxe3 Rxe6+ 25. Kf2 Qxc5+ 26. Kg2 Kf7 27. Ra1 a5 28. Raa2 Rcc6 29. Qa8 Re1 30. Rf2 Qc1 31. f4 Rg1+ 32. Kh3 Rc5 33. Rxa5 Qc3 34. Rxc5 Qxc5 35. Qa2+ Kf8 36. Qe2 Kg7 37. f5 gxf5 38. Rf4 Rb1 39. Qh5 e6 40. Rh4 Kf6 41. Qxh7 Qb5 42. Qh8+ Ke7 43. Qg7+ Kd6 44. Rd4+ Qd5 45. Rxd5+ Kxd5 46. Qc3 Rb5 47. Qd3+ Kc5 48. Kh4 Rb4+ 49. Kg5 Rd4 50. Qb3 Re4 51. Kf6 Kd4 52. h4 Re3 53. Qb6+ Kd3 54. h5 1-0

[Event "Liberec op 10th"]
[Site "Liberec"]
[Date "2009.10.27"]
[Round "4"]
[White "Thier, Juergen"]
[Black "Plischki, Sebastian"]
[Result "0-1"]
[WhiteElo "2058"]
[BlackElo "2352"]
[PlyCount "90"]
[EventDate "2009.10.24"]
[EventType "swiss"]
[EventRounds "9"]
[EventCountry "CZE"]
[SourceTitle "EXT 2010"]
[Source "ChessBase"]
[SourceDate "2010.11.25"]
[SourceVersion "1"]
[SourceVersionDate "2010.11.25"]
[SourceQuality "1"]

1. Nf3 c5 2. c4 Nc6 3. d4 cxd4 4. Nxd4 g6 5. e4 Nf6 6. Nc3 d6 7. Be2 Nxd4 8. Qxd4 Bg7 9. Be3 0-0 10. Qd2 a5 11. f3 a4 12. Rc1 Qa5 13. 0-0 Be6 14. Kh1 Rfc8 15. b3 axb3 16. axb3 Nd7 17. Na4 Qxd2 18. Bxd2 Rcb8 19. Bc3 b6 20. Bxg7 Kxg7 21. Nc3 Ra3 22. Bd1 Nc5 23. Nb5 Nxb3 24. Rc3 Nd2 25. Nxa3 Nxf1 26. Kg1 Nd2 27. Kf2 Nxc4 28. Rxc4 Bxc4 29. Nxc4 b5 30. Nd2 f5 31. Ke3 Kf6 32. h4 Rc8 33. Nb3 b4 34. g4 Rc3+ 35. Kf2 fxe4 36. fxe4 Ke5 37. Nd2 Kf4 38. h5 gxh5 39. gxh5 Rd3 40. Ke1 Rh3 41. Kf2 h6 42. Ke1 Rh1+ 43. Ke2 Rxh5 44. Kd3 Rc5 45. Nb1 h5 0-1

[Event "Liberec op 10th"]
[Site "Liberec"]
[Date "2009.10.25"]
[Round "2"]
[White "Thier, Juergen"]
[Black "Roesemann, Rainer"]
[Result "0-1"]
[WhiteElo "2058"]
[BlackElo "2270"]
[PlyCount "64"]
[EventDate "2009.10.24"]
[EventType "swiss"]
[EventRounds "9"]
[EventCountry "CZE"]
[SourceTitle "EXT 2010"]
[Source "ChessBase"]
[SourceDate "2010.11.25"]
[SourceVersion "1"]
[SourceVersionDate "2010.11.25"]
[SourceQuality "1"]

1. Nf3 Nf6 2. c4 b6 3. d4 e6 4. Bg5 Be7 5. e3 Bb7 6. Nc3 d6 7. Bd3 Nbd7 8. 0-0 h6 9. Bh4 0-0 10. Rc1 c5 11. Bb1 Rc8 12. Nd2 cxd4 13. exd4 d5 14. cxd5 Nxd5 15. Bxe7 Qxe7 16. Qg4 N7f6 17. Qg3 Qb4 18. Nb3 a5 19. Bc2 a4 20. Nxd5 Bxd5 21. a3 Qb5 22. Na1 Qxb2 23. Rfd1 Ne4 24. Qe3 Nc3 25. Re1 Bb3 26. Nxb3 axb3 27. Bd3 Nd5 28. Qe4 Nf6 29. Qe3 Ng4 30. Qf4 Rxc1 31. Rxc1 g5 32. Rb1 Qxb1+ 0-1

[Event "Baden-ch op"]
[Site "Badenweiler"]
[Date "2009.06.06"]
[Round "7"]
[White "Prill, Gerhard"]
[Black "Thier, Juergen"]
[Result "1-0"]
[WhiteElo "2059"]
[BlackElo "2121"]
[PlyCount "121"]
[EventDate "2009.06.01"]
[EventType "swiss"]
[EventRounds "9"]
[EventCountry "GER"]
[SourceTitle "EXT 2010"]
[Source "ChessBase"]
[SourceDate "2010.11.25"]
[SourceVersion "1"]
[SourceVersionDate "2010.11.25"]
[SourceQuality "1"]

1. e4 c5 2. Nf3 Nc6 3. d4 cxd4 4. Nxd4 Nf6 5. Nc3 e5 6. Ndb5 d6 7. Bg5 a6 8. Na3 b5 9. Nd5 Be7 10. Bxf6 Bxf6 11. c3 0-0 12. Nc2 Rb8 13. Qd3 Bg5 14. Rd1 f5 15. Nde3 Ne7 16. Qxd6 Qxd6 17. Rxd6 f4 18. Nd1 Bb7 19. f3 Ng6 20. Kd2 Be7 21. Rd3 a5 22. Kc1 Rfc8 23. Rd7 Bc6 24. Rd2 Kf8 25. b3 b4 26. cxb4 axb4 27. Bc4 Ra8 28. Kb1 Ra5 29. Nf2 Rca8 30. Ne1 Bc5 31. Nfd3 Be3 32. Rc2 Rb8 33. Nf2 Bd4 34. Ned3 Nh4 35. Nd1 g5 36. h3 Ke7 37. N1b2 Bc3 38. Nd1 Bd4 39. Re1 h5 40. Rh1 Rb6 41. N1b2 Be3 42. Nc1 Ra7 43. Nbd3 Bd4 44. Ne2 Be3 45. Nxe5 Nxg2 46. Bd3 Bd7 47. Nc1 Nh4 48. Be2 Re6 49. Ncd3 Bb5 50. Rd1 Bb6 51. Nc4 Bxc4 52. Rxc4 Ng2 53. Rxb4 Kf6 54. Rc1 Ne3 55. Rb5 Bd4 56. a4 Rea6 57. Nb4 Rd6 58. Nc6 Rg7 59. e5+ Bxe5 60. Nxe5 Rd2 61. Rc6+ 1-0

[Event "Baden-ch op"]
[Site "Badenweiler"]
[Date "2009.06.04"]
[Round "5"]
[White "Koch, Markus"]
[Black "Thier, Juergen"]
[Result "1/2-1/2"]
[WhiteElo "2019"]
[BlackElo "2121"]
[PlyCount "36"]
[EventDate "2009.06.01"]
[EventType "swiss"]
[EventRounds "9"]
[EventCountry "GER"]
[SourceTitle "EXT 2010"]
[Source "ChessBase"]
[SourceDate "2010.11.25"]
[SourceVersion "1"]
[SourceVersionDate "2010.11.25"]
[SourceQuality "1"]

1. e4 c5 2. Nf3 e6 3. d3 d5 4. Nbd2 Nc6 5. g3 g6 6. Bg2 Bg7 7. 0-0 Nge7 8. Re1 0-0 9. h4 e5 10. exd5 Nxd5 11. Nc4 Bg4 12. Qd2 f6 13. c3 Qd7 14. Ne3 Nxe3 15. Qxe3 b6 16. Nh2 Bh3 17. Qf3 Bxg2 18. Kxg2 Rad8 1/2-1/2

[Event "Hessen-ch Gr-B"]
[Site "Idstein"]
[Date "2009.04.08"]
[Round "1"]
[White "Mertens, Klaus"]
[Black "Thier, Juergen"]
[Result "1/2-1/2"]
[WhiteElo "2075"]
[BlackElo "2133"]
[PlyCount "81"]
[EventDate "2009.04.08"]
[EventType "swiss"]
[EventRounds "7"]
[EventCountry "GER"]
[SourceTitle "EXT 2010"]
[Source "ChessBase"]
[SourceDate "2010.11.25"]
[SourceVersion "1"]
[SourceVersionDate "2010.11.25"]
[SourceQuality "1"]

1. Nf3 d5 2. g3 c5 3. Bg2 Nc6 4. 0-0 e5 5. d3 f6 6. c4 d4 7. Nbd2 Bg4 8. h3 Be6 9. Ne4 Qd7 10. Kh2 g5 11. Ng1 0-0-0 12. Qa4 h6 13. Qb5 Nb4 14. Qxd7+ Rxd7 15. f4 exf4 16. gxf4 Be7 17. f5 Bf7 18. Bd2 Na6 19. a3 b6 20. Rab1 Bd6+ 21. Nxd6+ Rxd6 22. b4 Be8 23. Be1 Ne7 24. Bg3 Rd8 25. Be4 h5 26. Kg2 h4 27. Bh2 Bh5 28. Rb2 Rd7 29. Nf3 Rg8 30. Kf2 Kd8 31. e3 dxe3+ 32. Kxe3 Nc8 33. Kd2 Nd6 34. Bd5 Bf7 35. Bxf7 Nxf7 36. Kc3 Re8 37. Re1 Rxe1 38. Nxe1 Re7 39. Ng2 Ne5 40. Rf2 Nc7 41. Ne3 1/2-1/2

[Event "Verbandsliga Nord Baden 0809"]
[Site "Germany"]
[Date "2009.04.05"]
[Round "9.3"]
[White "Thier, Juergen"]
[Black "Kohl, Hartmut"]
[Result "0-1"]
[WhiteElo "2138"]
[BlackElo "2135"]
[PlyCount "56"]
[EventDate "2008.09.28"]
[EventType "team"]
[EventRounds "9"]
[EventCountry "GER"]
[SourceTitle "EXT 2010"]
[Source "ChessBase"]
[SourceDate "2010.11.25"]
[SourceVersion "1"]
[SourceVersionDate "2010.11.25"]
[SourceQuality "1"]
[WhiteTeam "Hockenheim II"]
[BlackTeam "Untergrombach II"]
[WhiteTeamCountry "GER"]
[BlackTeamCountry "GER"]

1. d4 d5 2. c4 c6 3. Nc3 Nf6 4. Nf3 g6 5. Bf4 Bg7 6. e3 0-0 7. Qb3 e6 8. h3 Nbd7 9. Ne5 Ne8 10. Nxd7 Qxd7 11. cxd5 exd5 12. Be2 Qe7 13. 0-0 f5 14. Rfe1 g5 15. Bg3 f4 16. exf4 gxf4 17. Bxf4 Rxf4 18. Bh5 Be6 19. Re2 Nf6 20. Rae1 Nxh5 21. Rxe6 Qf8 22. Nxd5 cxd5 23. Qxd5 Qf7 24. Qb5 Bxd4 25. Re7 Rxf2 26. Qg5+ Qg6 27. Qd5+ Kf8 28. g4 Rd2+ 0-1

[Event "Verbandsliga Nord Baden 0809"]
[Site "Germany"]
[Date "2009.03.22"]
[Round "8.3"]
[White "Bloessl, Walter"]
[Black "Thier, Juergen"]
[Result "1/2-1/2"]
[WhiteElo "2208"]
[BlackElo "2138"]
[PlyCount "83"]
[EventDate "2008.09.28"]
[EventType "team"]
[EventRounds "9"]
[EventCountry "GER"]
[SourceTitle "EXT 2010"]
[Source "ChessBase"]
[SourceDate "2010.11.25"]
[SourceVersion "1"]
[SourceVersionDate "2010.11.25"]
[SourceQuality "1"]
[WhiteTeam "Ladenburg"]
[BlackTeam "Hockenheim II"]
[WhiteTeamCountry "GER"]
[BlackTeamCountry "GER"]

1. e4 c5 2. Nc3 Nc6 3. Nge2 e5 4. Nd5 Nf6 5. Nec3 d6 6. g3 Nd4 7. Bg2 b5 8. Nxf6+ gxf6 9. Nd5 h5 10. c3 Ne6 11. d3 h4 12. a4 Bd7 13. axb5 Bxb5 14. 0-0 Bc6 15. Ne3 Bh6 16. Nf5 Bxc1 17. Rxc1 h3 18. Bf3 d5 19. exd5 Bxd5 20. Ne3 Bxf3 21. Qxf3 Rb8 22. Rc2 Rb6 23. Nc4 Ng5 24. Qe2 Re6 25. f3 0-0 26. Ne3 Rfe8 27. Rd2 Qc8 28. Qf2 f5 29. Nxf5 Rf6 30. g4 Qc6 31. Qe3 Ne6 32. Qxe5 Nd4 33. Nxd4 cxd4 34. Qxd4 Rxf3 35. Rxf3 Qxf3 36. Qf2 Qc6 37. d4 Qg6 38. Qf5 Qh6 39. Rf2 Re1+ 40. Rf1 Qe3+ 41. Qf2 Rxf1+ 42. Kxf1 1/2-1/2

[Event "Pfalz op 2nd"]
[Site "Neustadt an der Weinstrasse"]
[Date "2009.02.15"]
[Round "1"]
[White "Gharamian, Tigran"]
[Black "Thier, Juergen"]
[Result "1-0"]
[WhiteElo "2581"]
[BlackElo "2133"]
[PlyCount "59"]
[EventDate "2009.02.15"]
[EventType "swiss"]
[EventRounds "9"]
[EventCountry "GER"]
[SourceTitle "CBM 128 Extra"]
[Source "ChessBase"]
[SourceDate "2009.03.05"]
[SourceVersion "2"]
[SourceVersionDate "2009.03.25"]
[SourceQuality "1"]

1. e4 c5 2. Nf3 Nc6 3. Bb5 g6 4. Bxc6 dxc6 5. d3 Bg7 6. h3 Qc7 7. Nc3 e5 8. Be3 b6 9. Qd2 f5 10. exf5 gxf5 11. Bg5 Ne7 12. 0-0-0 Ng6 13. Bh6 Bf6 14. Rde1 Be6 15. h4 0-0-0 16. h5 Nf8 17. Bg5 Bxg5 18. Qxg5 Nd7 19. Qh6 Bd5 20. Ng5 Nf8 21. Qf6 Rg8 22. Nxd5 cxd5 23. Qxf5+ Kb7 24. Nf7 Re8 25. Nxe5 Rxg2 26. Qf3 Rg5 27. Qxd5+ Ka6 28. f4 Rf5 29. Qe4 Rf6 30. Qa4+ 1-0

[Event "Neuhausen OBM op"]
[Site "Neuhausen"]
[Date "2008.05.23"]
[Round "5"]
[White "Thier, Juergen"]
[Black "Scherer, Max"]
[Result "0-1"]
[WhiteElo "2128"]
[BlackElo "2291"]
[PlyCount "178"]
[EventDate "2008.05.20"]
[EventType "swiss"]
[EventRounds "9"]
[EventCountry "GER"]
[SourceTitle "CBM 124 Extra"]
[Source "ChessBase"]
[SourceDate "2008.07.03"]
[SourceVersion "1"]
[SourceVersionDate "2008.07.03"]
[SourceQuality "1"]

1. Nf3 b6 2. c4 Bb7 3. g3 Bxf3 4. exf3 c5 5. d4 cxd4 6. Qxd4 Nc6 7. Qd1 g6 8. Bg2 Bg7 9. 0-0 Na5 10. Qa4 Rc8 11. Na3 Nh6 12. Rd1 Nf5 13. Rb1 Nd6 14. b3 Nab7 15. Nb5 Nxb5 16. Qxb5 Nc5 17. Qb4 0-0 18. Bb2 Bxb2 19. Rxb2 d6 20. Re2 Qc7 21. Qe1 Rfe8 22. f4 a5 23. Re3 e6 24. Qc3 Qe7 25. Qb2 Red8 26. Re2 Rb8 27. a4 Qf8 28. Red2 h6 29. Qa3 Qe7 30. b4 axb4 31. Qxb4 Qc7 32. Qb5 Kf8 33. Ra2 Ke7 34. Bf3 Qd7 35. Bc6 Qa7 36. Qb2 Rbc8 37. Qb5 Qa5 38. Rb2 Rb8 39. Rdb1 Qxb5 40. Rxb5 Nxa4 41. R1b4 Rdc8 42. Rxa4 Rxc6 43. Ra7+ Kf6 44. Rb4 d5 45. cxd5 exd5 46. Kf1 Ke6 47. Ke2 Rc4 48. Rb5 Rc5 49. Rb2 b5 50. Ra6+ Kd7 51. Kd3 Rc6 52. Ra5 Rc5 53. Ra7+ Rc7 54. Ra5 Rc5 55. Ra7+ Ke6 56. Re2+ Kf6 57. Ree7 Rf8 58. Reb7 h5 59. h3 h4 60. g4 Rc4 61. Rb6+ Kg7 62. Rxb5 Rxf4 63. Ke3 Rf6 64. f4 Re8+ 65. Kf3 d4 66. Rb3 Re1 67. Kf2 Re4 68. Raa3 Rexf4+ 69. Ke2 Rf2+ 70. Kd3 R6f4 71. Kc4 Rg2 72. Kd5 Kf6 73. Rd3 Kg5 74. Ke5 f6+ 75. Ke6 Re2+ 76. Kd5 Re5+ 77. Kd6 Rfe4 78. Ra4 Re3 79. Raxd4 f5 80. Rd1 R5e4 81. Rxe4 fxe4 82. Rh1 Rg3 83. Ke5 e3 84. Kd4 e2 85. Kd5 Kf4 86. Ke6 Rxh3 87. Re1 Re3+ 88. Kf6 g5 89. Kg6 Kxg4 0-1

[Event "Dortmund op-A"]
[Site "Dortmund"]
[Date "2007.06.29"]
[Round "7"]
[White "Savchenko, Aleksij"]
[Black "Thier, Juergen"]
[Result "1-0"]
[WhiteElo "2101"]
[BlackElo "2043"]
[PlyCount "107"]
[EventDate "2007.06.22"]
[EventType "swiss"]
[EventRounds "9"]
[EventCountry "GER"]
[SourceTitle "EXT 2008"]
[Source "ChessBase"]
[SourceDate "2007.11.25"]
[SourceVersion "1"]
[SourceVersionDate "2007.11.25"]
[SourceQuality "1"]

1. d4 d5 2. c4 c6 3. Nf3 Nf6 4. e3 Bf5 5. Nc3 e6 6. Be2 Bd6 7. 0-0 Nbd7 8. Qb3 Qb6 9. c5 Qxb3 10. axb3 Bc7 11. b4 b5 12. cxb6 Bxb6 13. Na4 Ke7 14. Bd2 Ne4 15. Rfc1 Nxd2 16. Nxd2 Rhc8 17. Nb3 Rab8 18. b5 cxb5 19. Bxb5 e5 20. Rxc8 Rxc8 21. Nxb6 axb6 22. Bxd7 Bxd7 23. dxe5 Rc2 24. Rb1 Bf5 25. Nd4 Rxf2 26. Ra1 Rxb2 27. Nxf5+ Ke6 28. Nxg7+ Kxe5 29. Rf1 Ke4 30. Rxf7 Kxe3 31. Nf5+ Kd3 32. Rxh7 b5 33. Rd7 Ke4 34. Ng3+ Ke5 35. h4 b4 36. h5 b3 37. h6 Rc2 38. Re7+ Kf6 39. Rb7 Kg6 40. Rg7+ Kf6 41. Nh5+ Kf5 42. h7 b2 43. g4+ Ke4 44. Rb7 Rc8 45. Nf6+ Kf3 46. Rb3+ Kf4 47. Rb4+ Kg3 48. Rb3+ Kf4 49. Rxb2 Rh8 50. Rf2+ Kg5 51. Rf5+ Kg6 52. Nxd5 Rxh7 53. Nf4+ Kg7 54. Ne6+ 1-0

[Event "Dortmund op-A"]
[Site "Dortmund"]
[Date "2007.06.23"]
[Round "2"]
[White "Klatt, Peter"]
[Black "Thier, Juergen"]
[Result "1-0"]
[WhiteElo "2040"]
[BlackElo "2043"]
[PlyCount "54"]
[EventDate "2007.06.22"]
[EventType "swiss"]
[EventRounds "9"]
[EventCountry "GER"]
[SourceTitle "EXT 2008"]
[Source "ChessBase"]
[SourceDate "2007.11.25"]
[SourceVersion "1"]
[SourceVersionDate "2007.11.25"]
[SourceQuality "1"]

1. c4 e5 2. Nf3 e4 3. Nd4 d6 4. Nc3 f5 5. d3 exd3 6. Qxd3 g6 7. e4 c5 8. Ndb5 Na6 9. Bf4 Nf6 10. 0-0-0 fxe4 11. Nxe4 d5 12. Nbd6+ Bxd6 13. Nxd6+ Kf8 14. cxd5 Nb4 15. Qc4 b6 16. Bh6+ Ke7 17. Nxc8+ Rxc8 18. d6+ Kd7 19. g3 Qg8 20. Bh3+ Kd8 21. Be6 Qe8 22. d7 Nxd7 23. Rxd7+ Qxd7 24. Bxd7 Kxd7 25. Rd1+ Kc6 26. a3 Kb7 27. Rd7+ Ka8 1-0

[Event "Stuttgart-chA int"]
[Site "Gerlingen"]
[Date "2007.05.18"]
[Round "4"]
[White "Reichert, Matthias"]
[Black "Thier, Juergen"]
[Result "1/2-1/2"]
[WhiteElo "2145"]
[BlackElo "2016"]
[PlyCount "61"]
[EventDate "2007.05.17"]
[EventType "swiss"]
[EventRounds "7"]
[EventCountry "GER"]
[SourceTitle "EXT 2018"]
[Source "ChessBase"]
[SourceDate "2017.10.13"]
[SourceVersion "1"]
[SourceVersionDate "2017.10.13"]
[SourceQuality "1"]

1. e4 c5 2. Nf3 a6 3. c3 e6 4. d4 d5 5. exd5 exd5 6. Bd3 Nc6 7. 0-0 cxd4 8. Re1+ Be7 9. cxd4 Nf6 10. Ne5 Nxd4 11. Qa4+ Nc6 12. Nxc6 bxc6 13. Qxc6+ Bd7 14. Qd6 Be6 15. Qxd8+ Kxd8 16. Be3 Kd7 17. Nc3 Ng4 18. Bd4 Bf6 19. Bxf6 Nxf6 20. Na4 Kd6 21. b4 Nd7 22. f4 g6 23. Rec1 d4 24. Nc5 Nxc5 25. Rxc5 a5 26. Rxa5 Rxa5 27. bxa5 Rc8 28. Kf2 Rc3 29. Ke2 Ra3 30. a6 Bf5 31. Bxf5 1/2-1/2

[Event "Stuttgart-chA int"]
[Site "Gerlingen"]
[Date "2007.05.17"]
[Round "1"]
[White "Thier, Juergen"]
[Black "Haecker, Alexander"]
[Result "0-1"]
[WhiteElo "2016"]
[BlackElo "2214"]
[PlyCount "94"]
[EventDate "2007.05.17"]
[EventType "swiss"]
[EventRounds "7"]
[EventCountry "GER"]
[SourceTitle "EXT 2018"]
[Source "ChessBase"]
[SourceDate "2017.10.13"]
[SourceVersion "1"]
[SourceVersionDate "2017.10.13"]
[SourceQuality "1"]

1. Nf3 d5 2. d4 c6 3. c4 e6 4. Nc3 dxc4 5. a4 Bb4 6. e3 b5 7. Bd2 Bb7 8. b3 a5 9. bxc4 Bxc3 10. Bxc3 b4 11. Bb2 c5 12. Bd3 Nf6 13. Qc2 Nbd7 14. e4 cxd4 15. Bxd4 Qc7 16. e5 Ng4 17. Qe2 Rc8 18. c5 Nxc5 19. Bb5+ Ke7 20. Nd2 Nh6 21. 0-0 Nf5 22. Bb2 Rhd8 23. Rac1 Kf8 24. Rc4 Qb6 25. Nf3 Bd5 26. Rf4 Bc6 27. Nd4 Bxb5 28. axb5 Nxd4 29. Bxd4 Qb7 30. Qe3 Qxb5 31. Qf3 Qd7 32. h4 Kg8 33. h5 h6 34. Rg4 Kh8 35. Be3 Qd3 36. Bxh6 Qxf3 37. Bxg7+ Kh7 38. gxf3 Rg8 39. h6 Nd3 40. Rd4 Nxe5 41. Kh1 Rc5 42. Kg2 Rd5 43. Rfd1 Rxd4 44. Rxd4 b3 45. Kf1 b2 46. Rd1 Rb8 47. Rb1 Nc4 0-1

[Event "Baden-ch MT"]
[Site "Oberwinden"]
[Date "2007.04.10"]
[Round "6"]
[White "Roes, Helge"]
[Black "Thier, Juergen"]
[Result "1-0"]
[WhiteElo "2127"]
[BlackElo "1986"]
[PlyCount "84"]
[EventDate "2007.04.06"]
[EventType "swiss"]
[EventRounds "11"]
[EventCountry "GER"]
[SourceTitle "CBM 117 Extra"]
[Source "ChessBase"]
[SourceDate "2007.05.09"]
[SourceVersion "1"]
[SourceVersionDate "2007.05.09"]
[SourceQuality "1"]

1. d4 d5 2. c4 c6 3. Nf3 Nf6 4. e3 Bf5 5. Nc3 e6 6. Be2 Nbd7 7. 0-0 Bd6 8. Bd2 h6 9. Nh4 Bh7 10. f4 dxc4 11. Bxc4 b5 12. Bb3 b4 13. Ne2 Ne4 14. Nf3 0-0 15. Be1 Qb6 16. Ng3 Ndf6 17. Nxe4 Nxe4 18. Kh1 Qa6 19. Bh4 c5 20. Rc1 cxd4 21. Bc4 Qa5 22. Nxd4 Bc5 23. Qe2 g5 24. fxg5 Bxd4 25. exd4 hxg5 26. Be1 Rad8 27. a3 Rxd4 28. Bxb4 Qb6 29. Bxf8 Kxf8 30. Qh5 Bg8 31. Be2 Rd7 32. Rc8+ Kg7 33. Qf3 Bh7 34. Rc4 Nd6 35. Qf6+ Kf8 36. Rb4 Qd8 37. Qh8+ Bg8 38. Qh6+ Ke8 39. Qg7 Ke7 40. Qxg5+ Kf8 41. Qh6+ Ke7 42. Rg4 Qb6 1-0